00948cam a2200265 i 450000100060000000300090000600500170001500800410003202000160007304000420008904100070013108000100013808000120014824501430016025000120030326000430031530000300035850400360038865000340042465500300045865800150048870000470050371000340055085600980058424479KOSZ 00520220311120725.0951010s1995 pl a f f |000 0 pol d a8301113841  cKOSZ 005/HRaKOSZ 005/HRdKOSZ 005/HR0 apl a519.2 a(075.8)00aRachunek prawdopodobieństwa i statystyka matematyczna w zadaniach.nCz. 2,pStatystyka matematyczna /cW[łodzimierz] Krysicki [et al.]. aWyd. 3. aWarszawa :bWydaw. Naukowe PWN,c1995. a328 s. :bwykr. ;c24 cm. aBibliogr. s. 320-321. - Indeks. 4aRachunek prawdopodobieństwa 4aPodręczniki akademickie aMatematyka1 aKrysicki, Włodzimierzd(1905-2001)eAutor2 aWydawnictwo Naukowe PWN4pbl. uhttp://koha.tu.koszalin.pl/cgi-bin/koha/opac-detail.pl?biblionumber=24479yKatalog online BPK